000 00296nam a22001337a 4500
008 170630b xxu||||| |||| 00| 0 eng d
020 _a9780679433972
041 _aeng
080 _a82
100 _a22
101 _aGJL
245 _aLIEUTENANT-COLONEL DE MAUMORT
_cGARD,R.M
942 _2udc
_cBK
999 _c19700
_d19700